| 000 | 01120 a2200205 4500 | ||
|---|---|---|---|
| 001 | 57707 | ||
| 005 | 20260407155836.0 | ||
| 008 | 260407a1982 arg spa d | ||
| 003 | AR-UNSa-BCEJYS | ||
| 040 |
_aAR-UNSa-BCEJYS _bspa _cAR-UNSa-BCEJYS |
||
| 080 |
_a338.43 _xAgricultura como una rama de la economía. Economía de los productos alimenticios |
||
| 245 | 1 | 0 |
_aEl mercado mundial de jugos de frutas _pcon especial referencia a jugos de agrios y de frutas tropicales |
| 264 | 1 |
_aGinegra : _bCCI (Centro de Comercio Internacional) _c1982 |
|
| 300 |
_axiv, 333 p. _c23 cm. |
||
| 505 | _a1. El mercado mundial - 2. Bélgica-Luxemburgo - 3. Francia - 4. República Federal de Alemania - 5. Países Bajos - 6. Suecia - 7. Suiza - 8. Reino Unido - 9. Estados Unidos de América - 10. Canadá - 11. Japón - 12. Australia - 13. Bahrein - 14. Kuwait - 15. Arabia Saudita - 16. Emiratos Arabes Unidos - 17. República Arabe del Yemen - 18. Notas sobre algunos mercados de Europa oriental | ||
| 041 | _aspa | ||
| 942 | _cBK | ||
| 590 | _aniveau_biblio:m niveau_hierar:0 | ||
| 100 | 1 | _aCentro de Comercio Internacional (CCI) | |
| 999 |
_c6231 _d6231 |
||